00545nam a2200193 a 4500001001300000003000900013005001700022008004100039020002200080082001600102100002500118245007800143260003700221300000900258500003500267505001000302650001400312700002500326nice12345678IN_TiNIC20260116013047.0050524s1996 cala grp 000 0 eng  a0285259 c9500a303.61bNIE aNierenberg, Gerard I aComplete Negotiatorb Newest, Most Comprehensive Techniques to Help You S aCalcuttabRupa and Companyc1996 a345p aincludes index and biblioraphy2 aIndex aMediation1 aNierenberg, Gerard I